<?xml version="1.0" encoding="UTF-8"?>
<record
    xmlns:xsi="http://www.w3.org/2001/XMLSchema-instance"
    xsi:schemaLocation="http://www.loc.gov/MARC21/slim http://www.loc.gov/standards/marcxml/schema/MARC21slim.xsd"
    xmlns="http://www.loc.gov/MARC21/slim">

  <leader>02495nab a2200241 ab4500</leader>
  <controlfield tag="005">20260525124008.0</controlfield>
  <controlfield tag="008">2026  c2026    ve frYpoo           spa d59682</controlfield>
  <datafield tag="040" ind1=" " ind2=" ">
    <subfield code="a">MX-MxUPN</subfield>
    <subfield code="b">spa</subfield>
    <subfield code="c">MX-MxUPN</subfield>
    <subfield code="e">aacr2</subfield>
  </datafield>
  <controlfield tag="003"></controlfield>
  <datafield tag="100" ind1="1" ind2=" ">
    <subfield code="a">Castro Antol&#xED;nez, Yamileht Virginia </subfield>
    <subfield code="9">59682</subfield>
  </datafield>
  <datafield tag="245" ind1="1" ind2="0">
    <subfield code="a">Capacitaci&#xF3;n docente en educaci&#xF3;n media general :</subfield>
    <subfield code="b">una acci&#xF3;n urgente</subfield>
    <subfield code="h">[recurso electr&#xF3;nico en l&#xED;nea]</subfield>
  </datafield>
  <datafield tag="506" ind1="0" ind2=" ">
    <subfield code="a">Acceso abierto</subfield>
  </datafield>
  <datafield tag="520" ind1="3" ind2=" ">
    <subfield code="a">La realidad actual del &#xE9;xodo de profesionales en la educaci&#xF3;n venezolana exige que se tomen decisiones administrativas en torno a la contrataci&#xF3;n de nuevos maestros. Un n&#xFA;mero considerable de personas que aplican para ello est&#xE1;n capacitadas en otros campos o no culminaron la formaci&#xF3;n docente. Ante esto surge la intenci&#xF3;n de desarrollar un an&#xE1;lisis en torno a la presencia considerable de personas que se desempe&#xF1;an como maestros en Educaci&#xF3;n Media General (EMG) del sistema venezolano y la influencia que esta acci&#xF3;n pudiera generar en la propuesta educativa, acad&#xE9;mica y organizacional de este pa&#xED;s. Metodol&#xF3;gicamente, responde a un enfoque cualitativo, con la aplicaci&#xF3;n de una entrevista semiestructurada a ocho personas que laboran como docentes en un centro educativo p&#xFA;blico del nivel de EMG, en M&#xE9;rida, Venezuela. En los resultados se evidenci&#xF3; que el n&#xFA;mero de personas no formadas en educaci&#xF3;n, es superior a los que s&#xED; lograron sus estudios en este campo. Se constat&#xF3; que la formaci&#xF3;n personal y actualizaci&#xF3;n por parte del centro en el que laboran se ha disipado. Sin embargo, se les acredit&#xF3; para desempe&#xF1;arse en &#xE1;reas afines a los posibles estudios previos que realizaron. No ha sido as&#xED; con los profesores de formaci&#xF3;n quienes, a pesar de tener un significativo n&#xFA;mero de a&#xF1;os en la docencia y haber realizado estudios de cuarto nivel, ejercen en disciplinas distintas a las de su formaci&#xF3;n. Se concluye en la urgencia de establecer programas de formaci&#xF3;n y actualizaci&#xF3;n de los nuevos maestros en las diferentes asignaturas de este nivel. </subfield>
    <subfield code="c">REDIE</subfield>
  </datafield>
  <datafield tag="653" ind1=" " ind2="0">
    <subfield code="a">Educaci&#xF3;n media general</subfield>
  </datafield>
  <datafield tag="653" ind1=" " ind2="0">
    <subfield code="a">Nuevos maestros</subfield>
  </datafield>
  <datafield tag="653" ind1=" " ind2=" ">
    <subfield code="a">Formaci&#xF3;n</subfield>
  </datafield>
  <datafield tag="653" ind1=" " ind2=" ">
    <subfield code="a">Actualizaci&#xF3;n</subfield>
  </datafield>
  <datafield tag="773" ind1=" " ind2=" ">
    <subfield code="g">Vol. 18, no. 1 (2026), p. 22-34</subfield>
    <subfield code="t">REDINE : red de investigaci&#xF3;n educativa</subfield>
    <subfield code="x">2244&#x2013;7997</subfield>
  </datafield>
  <datafield tag="856" ind1="4" ind2=" ">
    <subfield code="u">https://revistas.uclave.org/index.php/redine/article/view/5606</subfield>
  </datafield>
  <datafield tag="856" ind1="4" ind2=" ">
    <subfield code="u">https://revistas.uclave.org/index.php/redine/article/view/5606/3651</subfield>
  </datafield>
  <datafield tag="902" ind1=" " ind2=" ">
    <subfield code="a">Leonor Sotres/250526</subfield>
  </datafield>
  <datafield tag="942" ind1=" " ind2=" ">
    <subfield code="c">ART-E</subfield>
    <subfield code="2">lcc</subfield>
  </datafield>
  <datafield tag="999" ind1=" " ind2=" ">
    <subfield code="c">215193</subfield>
    <subfield code="d">215193</subfield>
  </datafield>
</record>
